000 02139nam a2200265 i 4500
003 DO-SdBNP
005 20240621100409.0
007 ta
008 240621s1993 sp 000 j spa d
020 _a8472236633
040 _aDO-SdBNP
_bspa
_cBNPHU
_erda
082 _bB544
_222
100 _aBertini, Dante
_911765
_eautor
245 1 3 _aEl hombre de sus sueños /
_cDante Bertini
264 1 _aBarcelona, España :
_bTusQuets editores,
_c1993.
300 _a165 páginas,
_c20 cm.
336 _2rdacontent
_atexto
_btxt
337 _2rdamedia
_asin mediación
_bn
338 _2rdacarrier
_avolumen
_bnc
490 1 _aLa sonrisa vertical
_aErótica
_v84
520 _aEl hombre de sus sueños de Dante Bertini salió ganadora del XV Premio La sonrisa vertical de entre 129 manuscritos y en una de las convocatorias con más alto nivel literario. Con un lenguaje de gran intensidad poética, Dante Bertini nos cuenta la historia de una mujer que se encamina al encuentro de sí misma. Liberada ya de presiones familiares, tutelas, servidumbres económicas y, aparentemente, también de comprometedores lazos amorosos, siente que le falta no obstante dar un paso más radical hacia el conocimiento de su más recóndita identidad : el lento, lúcido, voluntario aprendizaje de los inconfesados, dolorosos placeres de la rendición sexual, más allá de todo límite considerado tolerable. Bertini consigue conducirnos hasta la sutiles, equívocas y siempre espinosas fronteras entre sexo e identidad, hasta ese punto en el que se confunden los géneros, y se nos revela la naturaleza andrógina del ser. La firme progresión de la tensión erótica que, de una manera casi obsesiva, va apoderándose de la vida de Ella con El, su vecino del piso de arriba, y la relación cada vez más perversa que irá estableciéndose entre los dos y la esposa de éste, no pueden sino llevar al lector hacia la culminación de una situación absolutamente ambigua, que tanto podrá ser castigo como placer, estigma como revelación, humillación como redención.
590 _aInventariado, 2024/ YL
910 _aYLockward
942 _2ddc
_cLBS1
999 _c56916
_d56916